Statistiques concernant Les membres de la famille royale anglaise en photos

Cliquez ici pour prendre le quiz!

Statistiques générales

  • Ce quiz a été pris 159 fois
  • Le résultat moyen est 14 sur 22

Statistiques - réponses

Réponse% Correct
{Charles} III
97%
{William} de Galles
93%
{Charlotte} de Galles
91%
{George} de Galles
91%
{Louis} de Galles
91%
{Anne} Windsor
84%
{Andrew} d'York
76%
{Edward} d'Edimbourg
76%
{Edward} de Kent
76%
{Margaret} Windsor
74%
{Henry} de Sussex
71%
{Eugenie} d'York
68%
{Beatrice} d'York
67%
{Louise} Mountbatten-Windsor
59%
{James} de Wessex
57%
{Zara} Philips
55%
{Peter} Philips
53%
{David} Armstrong-Jones
23%
{Alexandra} de Kent
18%
{Michael} de Kent
17%
{Margarita} Armstrong-Jones
15%
{Richard} de Gloucester
10%

Distribution des résultats

Percentile par nombre de réponses

% des personnes avec chaque résultat

Votre développement - résultats

Vous n’avez pas pris ce quiz